000 00290nam a2200121 i 4500
001 bg
245 0 _aTribological Process in Solid Body Contact Aress :
_bVol.2.
260 _aWarszawa,
_c1981.
040 _cBPK
041 _apol
942 _cKS
008 s pl f |000 0 pol
999 _c20993
_d20993
856 _uhttp://koha.tu.koszalin.pl/cgi-bin/koha/opac-detail.pl?biblionumber=20993
_yKatalog online BPK